European Capitals - 60 second sprint - Statistics

General Stats
  • This quiz has been taken 13 times
  • The average score is 29 of 45
Answers on the Map
Answers color-coded by a green-red scale on the quiz's map according to % correct below.
 
Answer Stats
Answer % Correct
London
100%
Madrid
100%
Oslo
100%
Paris
100%
Copenhagen
92%
Dublin
92%
Helsinki
92%
Lisbon
92%
Moscow
92%
Riga
92%
Rome
92%
Berlin
83%
Brussels
83%
Amsterdam
75%
Minsk
75%
Tallinn
75%
Andorra la Vella
67%
Bucharest
67%
Budapest
67%
Monaco
67%
Vilnius
67%
Prague
58%
Reykjavik
58%
Stockholm
58%
Valletta
58%
Vatican City
58%
Warsaw
58%
Zagreb
58%
Athens
50%
Bern
50%
Kyiv
50%
Luxembourg
50%
San Marino
50%
Tirana
50%
Vaduz
50%
Vienna
50%
Sarajevo
42%
Sofia
42%
Bratislava
33%
Chișinău
33%
Ljubljana
33%
Pristina
33%
Belgrade
25%
Skopje
25%
Podgorica
17%
No matching quizzes found
Score Distribution
Percent of People with Each Score
Percentile by Number Answered
Your Score History
You have not taken this quiz